| 000 | 00580nam a22001937a 4500 | ||
|---|---|---|---|
| 003 | OSt | ||
| 005 | 20160422172115.0 | ||
| 008 | 160422b xxu||||| |||| 00| 0 eng d | ||
| 020 | _a999113106x | ||
| 040 | _cDDC. | ||
| 082 | _a340NAN 1993. | ||
| 100 |
_aNangati,M.Fanuel; _98202 |
||
| 245 |
_aHuman Rights and Labour Relations in zimbabwe; _bHuman and Peoples'Rights Monograph series. |
||
| 260 |
_aLesotho. _bInstitute of Southern African Studies. _c1993. |
||
| 300 |
_a75p; _bill; _c20cm. |
||
| 504 | _aincludes reference. | ||
| 650 |
_aHuman rights. _94785 |
||
| 942 |
_2ddc _cSLOAN |
||
| 999 |
_c3705 _d3705 |
||